| 000 | 00417pab a2200157 454500 | ||
|---|---|---|---|
| 008 | 180718b1989 xxu||||| |||| 00| 0 eng d | ||
| 100 | _aWastson, Leonard E. | ||
| 245 |
_aThe management development of women administrations _bSome considerations |
||
| 260 | _c1989 | ||
| 300 | _a15-16 | ||
| 362 | _a5 Jun. | ||
| 650 | _aWomen as Executives | ||
| 700 | _aUsha Thakkar | ||
| 773 | _aUniversity News | ||
| 909 | _a21021 | ||
| 999 |
_c21021 _d21021 |
||